000 00432nam a2200097Ia 4500
008 180130s9999 xx 000 0 und d
245 _cKhan, Mohd Noor Azli Ali; Ismail, Noor Azizi; Zakuan, Norhayati
_aBenefits of internet financial reporting in a developing countries: evidence from Malaysia
260 _c2016
300 _aBook title: Information technology management--Acession number C20746; pages 74-81
650 _aIT MANAGEMENT
999 _c354261
_d354261